| 000 | 00455pab a2200169 454500 | ||
|---|---|---|---|
| 008 | 180718b1999 xxu||||| |||| 00| 0 eng d | ||
| 100 | _aSapru, R.K. | ||
| 245 | _aWorkforce restructuring under liberalised economy | ||
| 260 | _c1999 | ||
| 300 | _ap.348-55 | ||
| 362 | _aJan | ||
| 650 | _aEconomic liberalization - India | ||
| 650 | _aEconomic liberalization | ||
| 650 | _aLabour | ||
| 773 | _aIndian Journal of Industrial Relations | ||
| 909 | _a40355 | ||
| 999 |
_c40355 _d40355 |
||